[Event "Hampshire Open"]
[Site "Fareham"]
[Date "2018.11.03"]
[Round "4"]
[White "Stimpson, Philip M"]
[Black "Waddington, Mike P"]
[Result "0-1"]
[WhiteElo "1936"]
[BlackElo "2152"]
[PlyCount "38"]
[EventDate "2018.11.02"]
[EventType "swiss"]
[EventRounds "6"]
[EventCountry "ENG"]
[SourceTitle "BritBase"]
[Source "John Saunders"]
[SourceDate "2018.11.10"]
[SourceVersion "1"]
[SourceVersionDate "2018.11.10"]
[SourceQuality "1"]

1. e4 e6 2. d4 d5 3. Nc3 Nf6 4. e5 Nfd7 5. Nf3 c5 6. dxc5 Nc6 7. Bf4 Nxc5 8. Bd3 Nxd3+ 9. cxd3 Be7 10. O-O O-O 11. d4 Bd7 12. Re1 Rc8 13. Qd2 Na5 14. b3 Nc6 15. Bg5 Nxd4 16. Bxe7 Nxf3+ 17. gxf3 Qxe7 18. f4 Qh4 19. Qd4 Qg4+ 0-1

[Event "Hampshire Open"]
[Site "Fareham"]
[Date "2018.11.03"]
[Round "4"]
[White "Chapman, Matt"]
[Black "Wilson, Jaimie"]
[Result "1-0"]
[WhiteElo "2056"]
[BlackElo "2136"]
[PlyCount "89"]
[EventDate "2018.11.02"]
[EventType "swiss"]
[EventRounds "6"]
[EventCountry "ENG"]
[SourceTitle "BritBase"]
[Source "John Saunders"]
[SourceDate "2018.11.10"]
[SourceVersion "1"]
[SourceVersionDate "2018.11.10"]
[SourceQuality "1"]

1. e4 e5 2. Nf3 Nc6 3. d4 exd4 4. Bc4 Nf6 5. e5 d5 6. Bb5 Nd7 7. O-O Be7 8. Bxc6 bxc6 9. Nxd4 Bb7 10. e6 Nf6 11. Re1 O-O 12. Nc3 c5 13. Nf5 fxe6 14. Rxe6 Rf7 15. Bg5 Bf8 16. Qf3 Qd7 17. Re5 Ne4 18. Nxe4 dxe4 19. Qb3 Bc6 20. Ne3 Qd4 21. Re6 Bd6 22. Nf5 Qd5 23. Nxd6 cxd6 24. Qxd5 Bxd5 25. Rxd6 Rf5 26. Be3 Rb8 27. b3 c4 28. Bxa7 Ra8 29. Bd4 Bf7 30. Re1 Rd5 31. Rxd5 Bxd5 32. Ra1 Kf7 33. Kf1 g6 34. g3 Ke6 35. b4 Ra3 36. Bb2 Rf3 37. Ke2 c3 38. Bc1 Bc4+ 39. Ke1 Kd5 40. a4 Rf7 41. Be3 Bd3 42. cxd3 exd3 43. a5 Kc4 44. Kd1 Kxb4 45. a6 1-0

[Event "Hampshire Open"]
[Site "Fareham"]
[Date "2018.11.03"]
[Round "4"]
[White "Gonem, Sherif"]
[Black "Fowler, David"]
[Result "0-1"]
[WhiteElo "1856"]
[BlackElo "2000"]
[PlyCount "124"]
[EventDate "2018.11.02"]
[EventType "swiss"]
[EventRounds "6"]
[EventCountry "ENG"]
[SourceTitle "BritBase"]
[Source "John Saunders"]
[SourceDate "2018.11.10"]
[SourceVersion "1"]
[SourceVersionDate "2018.11.10"]
[SourceQuality "1"]

1. e4 e5 2. Bc4 Nc6 3. Nf3 Bc5 4. O-O d6 5. c3 Bb6 6. d3 h6 7. b4 Nf6 8. Nbd2 O-O 9. h3 a6 10. Re1 Be6 11. Qb3 Bxc4 12. Nxc4 Ba7 13. Ne3 Ne7 14. Nh4 d5 15. Nef5 Nxf5 16. exf5 e4 17. Be3 exd3 18. Bxa7 Rxa7 19. Red1 c6 20. Rxd3 Ne4 21. Nf3 Qf6 22. g4 a5 23. b5 Nc5 24. Qc2 Nxd3 25. Qxd3 c5 26. Qxd5 Qxc3 27. Re1 b6 28. Re3 Qf6 29. h4 Rd8 30. Qe4 Rad7 31. g5 hxg5 32. hxg5 Rd1+ 33. Kg2 Qd6 34. g6 fxg6 35. fxg6 Rd5 36. Ne5 Rxe5 37. Qxe5 Qxg6+ 38. Rg3 Qf7 39. a4 Rf8 40. Qe2 Re8 41. Qd2 Qe6 42. Qg5 Qe4+ 43. Kh2 Qd4 44. Re3 Rxe3 45. fxe3 Qd6+ 46. Kg2 c4 47. Qh5 c3 48. Qe8+ Kh7 49. Qh5+ Qh6 50. Qe2 Qg6+ 51. Kf2 c2 52. Qd2 Qe4 53. Qc1 Qd3 54. Qh1+ Kg6 55. Qc6+ Kg5 56. Qg2+ Kf6 57. Qc6+ Ke5 58. Qc7+ Kd5 59. Qd7+ Kc4 60. Qf7+ Kb4 61. Qf4+ Kb3 62. Qf7+ Qc4 0-1

[Event "Hampshire Open"]
[Site "Fareham"]
[Date "2018.11.03"]
[Round "4"]
[White "Lukoshius, Rolandus"]
[Black "Holmes, David"]
[Result "1-0"]
[WhiteElo "2080"]
[BlackElo "1880"]
[PlyCount "75"]
[EventDate "2018.11.02"]
[EventType "swiss"]
[EventRounds "6"]
[EventCountry "ENG"]
[SourceTitle "BritBase"]
[Source "John Saunders"]
[SourceDate "2018.11.10"]
[SourceVersion "1"]
[SourceVersionDate "2018.11.10"]
[SourceQuality "1"]

1. d4 Nf6 2. Nf3 c5 3. d5 d6 4. Nc3 g6 5. e4 Bg7 6. h3 O-O 7. Be2 Nbd7 8. O-O a6 9. a4 b6 10. Bf4 Ne8 11. Qd2 Nc7 12. Bh6 Rb8 13. Nh2 b5 14. Ng4 b4 15. Bxg7 Kxg7 16. Qh6+ Kg8 17. Nd1 Nf6 18. Nxf6+ exf6 19. Ne3 Qe7 20. Bd3 Re8 21. Nc4 Rd8 22. f4 Bb7 23. f5 Ne8 24. g4 Qf8 25. g5 fxg5 26. Qxg5 f6 27. Qg3 g5 28. h4 h6 29. Rf2 Rd7 30. hxg5 hxg5 31. Rh2 Rg7 32. Kf2 Kf7 33. Rah1 Ke7 34. Rh8 Rg8 35. R1h7+ Kd8 36. Nxd6 Rxh8 37. Rxh8 Qxh8 38. Nf7+ 1-0

[Event "Hampshire Open"]
[Site "Fareham"]
[Date "2018.11.03"]
[Round "4"]
[White "Marsh, Roger DW"]
[Black "Williams, Robin"]
[Result "1/2-1/2"]
[WhiteElo "1928"]
[BlackElo "1952"]
[PlyCount "75"]
[EventDate "2018.11.02"]
[EventType "swiss"]
[EventRounds "6"]
[EventCountry "ENG"]
[SourceTitle "BritBase"]
[Source "John Saunders"]
[SourceDate "2018.11.10"]
[SourceVersion "1"]
[SourceVersionDate "2018.11.10"]
[SourceQuality "1"]

1. d4 Nf6 2. c4 g6 3. Nc3 Bg7 4. e4 d6 5. Be2 O-O 6. Bg5 Nbd7 7. Nf3 c5 8. d5 h6 9. Be3 Ng4 10. Bd2 Nde5 11. O-O Nxf3+ 12. Bxf3 Ne5 13. Be2 h5 14. h3 f5 15. f4 Nf7 16. Be3 b6 17. Qd2 Kh7 18. exf5 Bxf5 19. g4 Bd7 20. gxh5 gxh5 21. Bd3+ Kg8 22. Qe2 Nh6 23. Qxh5 Nf5 24. Kh2 Rf6 25. Rg1 Qf8 26. Rxg7+ Nxg7 27. Rg1 Bf5 28. Ne4 Rf7 29. Bd2 Re8 30. Bc3 e5 31. Qh6 Bxe4 32. Bxe4 Rxf4 33. Bh7+ Kf7 34. Bg6+ Ke7 35. Bxe8 Rf2+ 36. Rg2 Rxg2+ 37. Kxg2 Nxe8 38. Qe6+ 1/2-1/2

[Event "Hampshire Open"]
[Site "Fareham"]
[Date "2018.11.04"]
[Round "5"]
[White "Waddington, Mike P"]
[Black "Chapman, Matt"]
[Result "0-1"]
[WhiteElo "2152"]
[BlackElo "2056"]
[PlyCount "78"]
[EventDate "2018.11.02"]
[EventType "swiss"]
[EventRounds "6"]
[EventCountry "ENG"]
[SourceTitle "BritBase"]
[Source "John Saunders"]
[SourceDate "2018.11.10"]
[SourceVersion "1"]
[SourceVersionDate "2018.11.10"]
[SourceQuality "1"]

1. Nc3 d5 2. e4 d4 3. Nce2 c5 4. Ng3 Nc6 5. Bc4 Nf6 6. f4 h5 7. e5 Nd5 8. d3 h4 9. Ne4 h3 10. Qf3 hxg2 11. Qxg2 e6 12. Nf3 a6 13. O-O b5 14. Bb3 Na5 15. Bd2 Bb7 16. Rae1 Nxb3 17. axb3 Qc7 18. f5 O-O-O 19. fxe6 f6 20. Qg4 Be7 21. Nd6+ Rxd6 22. exd6 Qxd6 23. Qg3 Qd8 24. Re2 Bd6 25. Qg4 Kb8 26. Rg2 g5 27. Re1 Qe7 28. Rf2 Nf4 29. Bxf4 Bxf4 30. Kf1 Be3 31. Qf5 Re8 32. Ng1 Qd6 33. Ne2 Bxf2 34. Qxf2 Qxe6 35. Qg3+ Ka7 36. Kf2 Qf5+ 37. Kg1 Re3 38. Qf2 Qd5 39. Ng3 Rxe1+ 0-1

[Event "Hampshire Open"]
[Site "Fareham"]
[Date "2018.11.04"]
[Round "5"]
[White "Pye, David E"]
[Black "Stimpson, Philip M"]
[Result "1-0"]
[WhiteElo "2136"]
[BlackElo "1936"]
[PlyCount "77"]
[EventDate "2018.11.02"]
[EventType "swiss"]
[EventRounds "6"]
[EventCountry "ENG"]
[SourceTitle "BritBase"]
[Source "John Saunders"]
[SourceDate "2018.11.10"]
[SourceVersion "1"]
[SourceVersionDate "2018.11.10"]
[SourceQuality "1"]

1. d4 Nf6 2. Bg5 Ne4 3. Bf4 c5 4. d5 Qb6 5. Qc1 d6 6. f3 Nf6 7. e4 g6 8. c4 Bg7 9. Nc3 Nbd7 10. Be3 a6 11. Rb1 Qc7 12. Nh3 O-O 13. Be2 Ne5 14. Nf2 Rb8 15. f4 Neg4 16. Nxg4 Bxg4 17. Bd3 Bd7 18. a4 Ng4 19. Bg1 Bd4 20. h3 Nf6 21. Bxd4 cxd4 22. Ne2 Qb6 23. b3 e5 24. O-O Nxe4 25. Bxe4 f5 26. c5 dxc5 27. Bd3 e4 28. Bc4 Qd6 29. a5 Be8 30. Qa3 Bf7 31. Nxd4 Bxd5 32. Nc2 Bxc4 33. bxc4 Rfd8 34. Ne3 Qd2 35. Rfd1 Rd3 36. Rxd2 Rxa3 37. Nd5 Rxa5 38. Ne7+ Kf8 39. Nc6 1-0

[Event "Hampshire Open"]
[Site "Fareham"]
[Date "2018.11.04"]
[Round "5"]
[White "Fowler, David"]
[Black "Clancy, Martin J"]
[Result "1-0"]
[WhiteElo "2000"]
[BlackElo "1816"]
[PlyCount "65"]
[EventDate "2018.11.02"]
[EventType "swiss"]
[EventRounds "6"]
[EventCountry "ENG"]
[SourceTitle "BritBase"]
[Source "John Saunders"]
[SourceDate "2018.11.10"]
[SourceVersion "1"]
[SourceVersionDate "2018.11.10"]
[SourceQuality "1"]

1. e4 g6 2. d4 Bg7 3. c4 c5 4. d5 d6 5. Bd3 Na6 6. Nc3 Bd7 7. Nge2 Nc7 8. O-O a6 9. a4 Nf6 10. h3 e6 11. f4 exd5 12. exd5 O-O 13. f5 b5 14. axb5 axb5 15. Rxa8 Qxa8 16. fxg6 fxg6 17. Bf4 bxc4 18. Bxc4 Nce8 19. Bh2 Qb8 20. Qd2 Qb4 21. b3 Rf7 22. Ra1 Re7 23. Ra6 Qb8 24. g4 Qc8 25. Qg5 Bh6 26. Qxh6 Bxg4 27. Bxd6 Bxh3 28. Bg3 Qf5 29. d6+ Rf7 30. Bxf7+ Kxf7 31. Ra7+ Kg8 32. Qf4 Qd3 33. Qc4+ 1-0

[Event "Hampshire Open"]
[Site "Fareham"]
[Date "2018.11.04"]
[Round "5"]
[White "Anderson, Peter W"]
[Black "Lukoshius, Rolandus"]
[Result "1-0"]
[WhiteElo "2136"]
[BlackElo "2080"]
[PlyCount "71"]
[EventDate "2018.11.02"]
[EventType "swiss"]
[EventRounds "6"]
[EventCountry "ENG"]
[SourceTitle "BritBase"]
[Source "John Saunders"]
[SourceDate "2018.11.10"]
[SourceVersion "1"]
[SourceVersionDate "2018.11.10"]
[SourceQuality "1"]

1. d4 Nf6 2. c4 g6 3. Nc3 Bg7 4. e4 d6 5. Nf3 O-O 6. Be2 e5 7. O-O Nc6 8. d5 Ne7 9. b4 Nh5 10. g3 f5 11. Nd2 Nf6 12. c5 Kh8 13. f3 a5 14. cxd6 cxd6 15. bxa5 fxe4 16. fxe4 Bh3 17. Nc4 Rxa5 18. Rf2 Rc5 19. Be3 Rxc4 20. Bxc4 Ng4 21. Rxf8+ Qxf8 22. Qe2 Qc8 23. Bb6 Ng8 24. Nd1 Bh6 25. a4 N8f6 26. a5 Nd7 27. Ba7 b6 28. axb6 Qc5+ 29. Kh1 Qd4 30. Ra3 Qxd1+ 31. Qxd1 Nf2+ 32. Kg1 Nxd1 33. b7 Bc1 34. Ra1 Be3+ 35. Bxe3 Nxe3 36. Bb5 1-0

[Event "Hampshire Open"]
[Site "Fareham"]
[Date "2018.11.04"]
[Round "5"]
[White "Northcott, Paul"]
[Black "Wilson, Jaimie"]
[Result "1-0"]
[WhiteElo "1944"]
[BlackElo "2136"]
[PlyCount "53"]
[EventDate "2018.11.02"]
[EventType "swiss"]
[EventRounds "6"]
[EventCountry "ENG"]
[SourceTitle "BritBase"]
[Source "John Saunders"]
[SourceDate "2018.11.10"]
[SourceVersion "1"]
[SourceVersionDate "2018.11.10"]
[SourceQuality "1"]

1. e4 c5 2. Nf3 e6 3. Nc3 Nc6 4. Bc4 a6 5. a4 Nf6 6. d3 d5 7. exd5 exd5 8. Ba2 h6 9. Bf4 Be7 10. h3 Be6 11. Qd2 Nb4 12. Ne2 Nxa2 13. Rxa2 d4 14. Ra1 Nd5 15. Bg3 O-O 16. O-O Re8 17. Nf4 Nxf4 18. Bxf4 Qd5 19. Ne5 Bf6 20. Nc4 Rad8 21. Rfe1 Qh5 22. Nd6 Re7 23. Ne4 Be5 24. Qa5 Rc8 25. Ng3 Bc7 26. Bxc7 Qg5 27. Bd8 1-0

[Event "Hampshire Open"]
[Site "Fareham"]
[Date "2018.11.04"]
[Round "5"]
[White "Marsh, Roger DW"]
[Black "Gonem, Sherif"]
[Result "1-0"]
[WhiteElo "1928"]
[BlackElo "1856"]
[PlyCount "83"]
[EventDate "2018.11.02"]
[EventType "swiss"]
[EventRounds "6"]
[EventCountry "ENG"]
[SourceTitle "BritBase"]
[Source "John Saunders"]
[SourceDate "2018.11.10"]
[SourceVersion "1"]
[SourceVersionDate "2018.11.10"]
[SourceQuality "1"]

1. d4 Nf6 2. c4 g6 3. Nc3 Bg7 4. e4 d6 5. Be2 O-O 6. Bg5 h6 7. Be3 Na6 8. h3 c5 9. d5 Nc7 10. Qd2 Kh7 11. Nf3 a6 12. a4 b6 13. O-O Rb8 14. Bd3 e5 15. Kh2 Bd7 16. Qe2 Qe7 17. g3 Rb7 18. Rab1 Rfb8 19. Nd2 Qe8 20. b3 Qc8 21. g4 h5 22. f3 Ng8 23. gxh5 Bxh3 24. hxg6+ fxg6 25. Rh1 Bh6 26. Kg3 Bf4+ 27. Bxf4 exf4+ 28. Kxf4 Nf6 29. Qh2 Nh5+ 30. Ke3 Qh8 31. e5 dxe5 32. Qxh3 e4 33. Ndxe4 Qd4+ 34. Kd2 Ne8 35. Ne2 Qg7 36. Rbg1 Qh6+ 37. Kc2 b5 38. Nxc5 bxc4 39. Bxg6+ Kh8 40. Nxb7 cxb3+ 41. Kb1 Rxb7 42. Qxh5 1-0

[Event "Hampshire Open"]
[Site "Fareham"]
[Date "2018.11.04"]
[Round "5"]
[White "Williams, Robin"]
[Black "Moore, Gillian A"]
[Result "1/2-1/2"]
[WhiteElo "1952"]
[BlackElo "1832"]
[PlyCount "100"]
[EventDate "2018.11.02"]
[EventType "swiss"]
[EventRounds "6"]
[EventCountry "ENG"]
[SourceTitle "BritBase"]
[Source "John Saunders"]
[SourceDate "2018.11.10"]
[SourceVersion "1"]
[SourceVersionDate "2018.11.10"]
[SourceQuality "1"]

1. e4 Nf6 2. e5 Nd5 3. d4 d6 4. c4 Nb6 5. exd6 cxd6 6. Nc3 g6 7. Be3 Bg7 8. Rc1 O-O 9. Nf3 Nc6 10. d5 Ne5 11. Nxe5 Bxe5 12. Be2 Bd7 13. O-O f5 14. b3 a6 15. f4 Bg7 16. Bf3 Rc8 17. Ne2 Na8 18. Nd4 Qa5 19. a4 Nc7 20. Re1 Rfe8 21. Bf2 Bf6 22. Qd3 Rb8 23. Re3 Kg7 24. h4 h5 25. Ne6+ Nxe6 26. dxe6 Bc6 27. Bd5 Rec8 28. Ree1 Qd8 29. Bd4 Qf8 30. g3 Bxd4+ 31. Qxd4+ Qf6 32. Qxf6+ Kxf6 33. Kf2 Rc7 34. Ke3 Bxd5 35. cxd5 Rbc8 36. Rxc7 Rxc7 37. Rd1 Kg7 38. Kd4 Kf8 39. Rd3 Ke8 40. Rc3 Kd8 41. a5 Kc8 42. Rc4 Kb8 43. Kc3 Kc8 44. b4 Kb8 45. b5 Rxc4+ 46. Kxc4 Ka7 47. Kb4 b6 48. Ka4 bxa5 49. Kxa5 axb5 50. Kxb5 Kb7 1/2-1/2

[Event "Hampshire Open"]
[Site "Fareham"]
[Date "2018.11.04"]
[Round "5"]
[White "Dallas, Peter"]
[Black "Holmes, David"]
[Result "1/2-1/2"]
[WhiteElo "1760"]
[BlackElo "1880"]
[PlyCount "57"]
[EventDate "2018.11.02"]
[EventType "swiss"]
[EventRounds "6"]
[EventCountry "ENG"]
[SourceTitle "BritBase"]
[Source "John Saunders"]
[SourceDate "2018.11.10"]
[SourceVersion "1"]
[SourceVersionDate "2018.11.10"]
[SourceQuality "1"]

1. Nf3 Nc6 2. g3 e5 3. d3 f5 4. c4 Nf6 5. Nc3 Bc5 6. e3 O-O 7. Nxe5 Nxe5 8. d4 d6 9. dxc5 dxc5 10. Qxd8 Rxd8 11. Be2 Be6 12. b3 Nd3+ 13. Bxd3 Rxd3 14. Bb2 Ne4 15. Rd1 Rxd1+ 16. Nxd1 Rd8 17. f3 Rxd1+ 18. Kxd1 Nf2+ 19. Ke1 Nxh1 20. Kf1 Bd7 21. Kg1 Bc6 22. Kg2 Kf7 23. Be5 a6 24. Bxc7 Ke6 25. Ba5 g6 26. Bc3 b5 27. cxb5 axb5 28. Kxh1 Bxf3+ 29. Kg1 1/2-1/2

[Event "Hampshire Open"]
[Site "Fareham"]
[Date "2018.11.04"]
[Round "6"]
[White "Chapman, Matt"]
[Black "Pye, David E"]
[Result "1-0"]
[WhiteElo "2056"]
[BlackElo "2136"]
[PlyCount "55"]
[EventDate "2018.11.02"]
[EventType "swiss"]
[EventRounds "6"]
[EventCountry "ENG"]
[SourceTitle "BritBase"]
[Source "John Saunders"]
[SourceDate "2018.11.10"]
[SourceVersion "1"]
[SourceVersionDate "2018.11.10"]
[SourceQuality "1"]

1. e4 e6 2. d4 d5 3. Nd2 Nc6 4. Ngf3 Nf6 5. e5 Nd7 6. c3 f6 7. exf6 Qxf6 8. Be2 Bd6 9. Nf1 e5 10. dxe5 Ndxe5 11. Ng3 O-O 12. O-O Kh8 13. Be3 Nxf3+ 14. Bxf3 Ne5 15. Bxd5 Ng4 16. Bf3 Nxe3 17. fxe3 Bxg3 18. hxg3 Qb6 19. Qd4 c5 20. Qe5 Be6 21. Rad1 Bxa2 22. Rd7 Qh6 23. Rxb7 Rae8 24. Re7 Rxe7 25. Qxe7 Rf5 26. Rd1 Bg8 27. Rd8 Qf6 28. Qe8 1-0

[Event "Hampshire Open"]
[Site "Fareham"]
[Date "2018.11.04"]
[Round "6"]
[White "Waddington, Mike P"]
[Black "Fowler, David"]
[Result "1-0"]
[WhiteElo "2152"]
[BlackElo "2000"]
[PlyCount "25"]
[EventDate "2018.11.02"]
[EventType "swiss"]
[EventRounds "6"]
[EventCountry "ENG"]
[SourceTitle "BritBase"]
[Source "John Saunders"]
[SourceDate "2018.11.10"]
[SourceVersion "1"]
[SourceVersionDate "2018.11.10"]
[SourceQuality "1"]

1. Nc3 d5 2. e4 c6 3. f4 dxe4 4. Nxe4 Nf6 5. Nf2 g6 6. Nf3 Bg7 7. Bc4 O-O 8. O-O Bf5 9. d3 Qb6 10. Qe2 Ng4 11. Qxe7 Nd7 12. c3 Rae8 13. Bxf7+ 1-0

[Event "Hampshire Open"]
[Site "Fareham"]
[Date "2018.11.04"]
[Round "6"]
[White "Northcott, Paul"]
[Black "Anderson, Peter W"]
[Result "1/2-1/2"]
[WhiteElo "1944"]
[BlackElo "2136"]
[PlyCount "76"]
[EventDate "2018.11.02"]
[EventType "swiss"]
[EventRounds "6"]
[EventCountry "ENG"]
[SourceTitle "BritBase"]
[Source "John Saunders"]
[SourceDate "2018.11.10"]
[SourceVersion "1"]
[SourceVersionDate "2018.11.10"]
[SourceQuality "1"]

1. e4 g6 2. d4 Bg7 3. Nf3 d6 4. Nc3 a6 5. Be2 b5 6. a3 Nd7 7. Be3 Bb7 8. O-O Rc8 9. Qd3 c5 10. d5 Ngf6 11. Rad1 O-O 12. Bg5 b4 13. Nb1 h6 14. Bxf6 Bxf6 15. c3 Kg7 16. b3 Qb6 17. c4 bxa3 18. Nxa3 Rb8 19. Rb1 Bc8 20. Nc2 a5 21. Ne3 Kh7 22. Nd2 Qb4 23. f4 Qc3 24. Nf3 Bg7 25. f5 Qxd3 26. Bxd3 Ne5 27. Nxe5 Bxe5 28. fxg6+ Kxg6 29. Nf5 Bxf5 30. Rxf5 a4 31. bxa4 Rxb1+ 32. Bxb1 Rb8 33. Bd3 Rb3 34. Rf3 Ra3 35. h3 Rxa4 36. Kf2 Ra2+ 37. Kf1 Rd2 38. g4 f6 1/2-1/2

[Event "Hampshire Open"]
[Site "Fareham"]
[Date "2018.11.04"]
[Round "6"]
[White "Clancy, Martin J"]
[Black "Stimpson, Philip M"]
[Result "1/2-1/2"]
[WhiteElo "1816"]
[BlackElo "1936"]
[PlyCount "67"]
[EventDate "2018.11.02"]
[EventType "swiss"]
[EventRounds "6"]
[EventCountry "ENG"]
[SourceTitle "BritBase"]
[Source "John Saunders"]
[SourceDate "2018.11.10"]
[SourceVersion "1"]
[SourceVersionDate "2018.11.10"]
[SourceQuality "1"]

1. e4 e5 2. Nf3 Nc6 3. Bb5 a6 4. Ba4 Nf6 5. O-O Be7 6. Re1 b5 7. Bb3 d6 8. c3 O-O 9. h3 Na5 10. Bc2 d5 11. exd5 e4 12. Ng5 Nxd5 13. Nxe4 f5 14. Ng3 f4 15. Ne4 f3 16. d4 fxg2 17. Kxg2 Nf4+ 18. Bxf4 Rxf4 19. Nbd2 Rh4 20. Re3 Qd7 21. Qh1 Bb7 22. Nf3 Nc4 23. Re2 Rf4 24. Ne5 Nxe5 25. dxe5 Raf8 26. Rd1 Qf5 27. Kg1 Qxe5 28. Qh2 Bd6 29. Bb3+ Kh8 30. Nxd6 Qxe2 31. Qxf4 Qxd1+ 32. Bxd1 Rxf4 33. Nxb7 b4 34. Bb3 1/2-1/2

[Event "Hampshire Open"]
[Site "Fareham"]
[Date "2018.11.04"]
[Round "6"]
[White "Lukoshius, Rolandus"]
[Black "Marsh, Roger DW"]
[Result "1-0"]
[WhiteElo "2080"]
[BlackElo "1928"]
[PlyCount "41"]
[EventDate "2018.11.02"]
[EventType "swiss"]
[EventRounds "6"]
[EventCountry "ENG"]
[SourceTitle "BritBase"]
[Source "John Saunders"]
[SourceDate "2018.11.10"]
[SourceVersion "1"]
[SourceVersionDate "2018.11.10"]
[SourceQuality "1"]

1. d4 d5 2. c4 e6 3. Nc3 c6 4. Nf3 dxc4 5. a4 Bb4 6. e3 b5 7. Ne5 Nf6 8. Bd2 Bxc3 9. Bxc3 a5 10. axb5 cxb5 11. b3 O-O 12. bxc4 Qc7 13. Bb4 Re8 14. cxb5 Bb7 15. Rc1 Qd8 16. Ba3 Nfd7 17. Nc6 Qh4 18. Qf3 Nb6 19. Bd3 Rc8 20. g3 Bxc6 21. Rxc6 1-0

[Event "Hampshire Open"]
[Site "Fareham"]
[Date "2018.11.04"]
[Round "6"]
[White "Wilson, Jaimie"]
[Black "Moore, Gillian A"]
[Result "1-0"]
[WhiteElo "2136"]
[BlackElo "1832"]
[PlyCount "119"]
[EventDate "2018.11.02"]
[EventType "swiss"]
[EventRounds "6"]
[EventCountry "ENG"]
[SourceTitle "BritBase"]
[Source "John Saunders"]
[SourceDate "2018.11.10"]
[SourceVersion "1"]
[SourceVersionDate "2018.11.10"]
[SourceQuality "1"]

1. e4 Nf6 2. e5 Nd5 3. d4 d6 4. Nf3 dxe5 5. Nxe5 c6 6. Bd3 Be6 7. c3 Nd7 8. Nxd7 Qxd7 9. Qc2 g6 10. Nd2 Bg7 11. O-O O-O 12. Ne4 Bf5 13. Re1 Rfe8 14. Nc5 Bxd3 15. Qxd3 Qc7 16. Qh3 e5 17. dxe5 Rxe5 18. Rxe5 Qxe5 19. Bd2 Re8 20. Nd3 Qb8 21. Rd1 Nf6 22. Bf4 Qd8 23. Qf3 Qd5 24. Qxd5 Nxd5 25. Bd2 Nb6 26. Kf1 Kf8 27. Be3 Nd5 28. Bxa7 Ra8 29. Bc5+ Kg8 30. a3 b6 31. Bd6 Rd8 32. Bg3 Nf6 33. Bc7 Rd7 34. Bxb6 Nd5 35. Bd4 Bxd4 36. cxd4 Ne7 37. Nc5 Rd8 38. b4 Nd5 39. Nb3 Ra8 40. Na5 Ra6 41. Rc1 Ne7 42. Ke2 Kf8 43. Kd3 Ke8 44. Rc5 Kd7 45. Nc4 f6 46. Ra5 Rxa5 47. Nxa5 Kc7 48. Nc4 Nd5 49. g3 f5 50. f4 Kb7 51. Ne3 Nb6 52. Kc3 Ka6 53. Kb3 Kb5 54. a4+ Nxa4 55. Nc4 Nb6 56. Nxb6 Kxb6 57. Kc4 Kc7 58. Kc5 h6 59. h4 h5 60. d5 1-0

[Event "Hampshire Open"]
[Site "Fareham"]
[Date "2018.11.04"]
[Round "6"]
[White "Williams, Robin"]
[Black "Dallas, Peter"]
[Result "1-0"]
[WhiteElo "1952"]
[BlackElo "1760"]
[PlyCount "51"]
[EventDate "2018.11.02"]
[EventType "swiss"]
[EventRounds "6"]
[EventCountry "ENG"]
[SourceTitle "BritBase"]
[Source "John Saunders"]
[SourceDate "2018.11.10"]
[SourceVersion "1"]
[SourceVersionDate "2018.11.10"]
[SourceQuality "1"]

1. e4 g6 2. d4 Bg7 3. c3 d6 4. f4 Nd7 5. Nf3 a6 6. e5 b5 7. Bd3 Bb7 8. O-O Nb6 9. Qe2 e6 10. Nbd2 Ne7 11. Ne4 Bxe4 12. Bxe4 d5 13. Bd3 Qd7 14. b3 O-O 15. Ba3 Rfc8 16. Bc5 h6 17. g4 Bf8 18. Nh4 Nc6 19. Bxf8 Rxf8 20. f5 g5 21. f6 b4 22. Bc2 Ne7 23. Qd3 Ng6 24. Nxg6 fxg6 25. Qxg6+ Kh8 26. f7 1-0

[Event "Hampshire Open"]
[Site "Fareham"]
[Date "2018.11.04"]
[Round "6"]
[White "Holmes, David"]
[Black "Gonem, Sherif"]
[Result "1-0"]
[WhiteElo "1880"]
[BlackElo "1856"]
[PlyCount "49"]
[EventDate "2018.11.02"]
[EventType "swiss"]
[EventRounds "6"]
[EventCountry "ENG"]
[SourceTitle "BritBase"]
[Source "John Saunders"]
[SourceDate "2018.11.10"]
[SourceVersion "1"]
[SourceVersionDate "2018.11.10"]
[SourceQuality "1"]

1. e4 e5 2. d4 exd4 3. c3 dxc3 4. Bc4 cxb2 5. Bxb2 Bb4+ 6. Nc3 Nf6 7. e5 Qe7 8. Nge2 Ne4 9. O-O Nxc3 10. Nxc3 Bxc3 11. Bxc3 O-O 12. Qb3 Nc6 13. Rfe1 b6 14. Qb2 Bb7 15. Rad1 Rad8 16. Rd3 Qc5 17. Bb3 Na5 18. Rg3 Qe7 19. e6 fxe6 20. Rxg7+ Qxg7 21. Bxg7 Rf7 22. Be5 Rdf8 23. Qe2 Rf5 24. Qg4+ Kf7 25. Qxf5+ 1-0

[Event "Hampshire Major"]
[Site "Fareham"]
[Date "2018.11.02"]
[Round "1"]
[White "Burton, Nick"]
[Black "Sellen, John R"]
[Result "1-0"]
[WhiteElo "1864"]
[BlackElo "1648"]
[PlyCount "53"]
[EventDate "2018.11.02"]
[EventType "swiss"]
[EventRounds "6"]
[EventCountry "ENG"]
[SourceTitle "BritBase"]
[Source "John Saunders"]
[SourceDate "2018.11.12"]
[SourceVersion "1"]
[SourceVersionDate "2018.11.12"]
[SourceQuality "1"]

1. e4 d5 2. exd5 Nf6 3. d4 Bg4 4. Nf3 Bxf3 5. Qxf3 Qxd5 6. Be2 Qxf3 7. Bxf3 c6 8. O-O e6 9. Nd2 Be7 10. Nc4 Nbd7 11. Bf4 O-O 12. Na5 Nd5 13. Bxd5 cxd5 14. Nxb7 Rac8 15. c3 Rc6 16. Na5 Rb6 17. b4 Bd6 18. Bxd6 Rxd6 19. a4 Rc8 20. Rfc1 Nb6 21. b5 Nc4 22. Nxc4 Rxc4 23. a5 Rd8 24. b6 axb6 25. axb6 Rb8 26. b7 Rc7 27. Rcb1 1-0

[Event "Hampshire Major"]
[Site "Fareham"]
[Date "2018.11.02"]
[Round "1"]
[White "Agostinelli, Dave"]
[Black "Piecha, Lukasz"]
[Result "1-0"]
[WhiteElo "1632"]
[BlackElo "1848"]
[PlyCount "76"]
[EventDate "2018.11.02"]
[EventType "swiss"]
[EventRounds "6"]
[EventCountry "ENG"]
[SourceTitle "BritBase"]
[Source "John Saunders"]
[SourceDate "2018.11.12"]
[SourceVersion "1"]
[SourceVersionDate "2018.11.12"]
[SourceQuality "1"]

1. c4 e6 2. Nf3 d5 3. g3 c6 4. Bg2 Nf6 5. b3 Be7 6. Bb2 O-O 7. O-O Nbd7 8. d3 Rb8 9. Nbd2 c5 10. cxd5 exd5 11. e3 b6 12. Re1 Ba6 13. Qc2 Rc8 14. Rac1 Nb8 15. Bh3 Rc7 16. d4 Nc6 17. a3 Bd6 18. Ne5 Bb7 19. Nxc6 Rxc6 20. Qd3 Bb8 21. dxc5 bxc5 22. Bg2 Re8 23. Red1 Qe7 24. Qf5 Bc8 25. Bxf6 Rxf6 26. Qxd5 Be6 27. Qxc5 Bd6 28. Qa5 Bxa3 29. Rc7 Qd6 30. Rxa7 Bb4 31. Ra8 Bc8 32. Qd5 Qc7 33. Nc4 h6 34. Qb5 Qe7 35. Bh3 Re6 36. Bxe6 fxe6 37. Nb6 Qf8 38. Qxe8 Bb7 1-0